| 000 | 00582nam a22001817a 4500 | ||
|---|---|---|---|
| 003 | OSt | ||
| 005 | 20240227134158.0 | ||
| 008 | 200303t xxu||||| |||| 00| 0 eng d | ||
| 020 | _a9783791369150 | ||
| 040 |
_aSADA _cSADA |
||
| 082 |
_222 _a954.9143 _bLAH 2019 |
||
| 110 | 1 | 4 |
_aThe Aga Khan Historic Cities Programme _9121548 |
| 245 | 0 | 0 |
_aLahore: _ba framework for urban conservation _cedited by Philip Jodidio |
| 260 |
_aMunich: _bPrestel, _c2019. |
||
| 300 | _a400 p. | ||
| 942 |
_2ddc _cBK _aSADA _k954.9143 LAH 2019 |
||
| 999 |
_c608363 _d608363 |
||